[Event "DRW-UOP po"]
[Site "?"]
[Date "2010.05.08"]
[Round "3.2"]
[White "Gorodetskiy, Steve"]
[Black "Boldingh, Edwin"]
[Result "1/2-1/2"]
[WhiteElo "1771"]
[BlackElo "1865"]
[Annotator "Friske,Tom"]
[PlyCount "151"]

1. c4 Nf6 2. Nc3 e5 3. g3 Nc6 4. Bg2 Be7 5. e3 O-O 6. Nge2 d5 7. Nxd5 Nxd5 8.
Bxd5 Nb4 9. Bg2 Nd3+ 10. Kf1 f5 11. Qc2 c6 12. Nc3 e4 13. h4 Be6 14. b3 Bf6 15.
Ba3 Rf7 16. Rb1 Rd7 17. Rd1 Qa5 18. Nb1 Rad8 19. Ke2 Qe5 20. Bh3 Bf7 21. g4
fxg4 22. Bxg4 Bh5 23. Rdg1 Qf5 24. Bxh5 Qxh5+ 25. Kf1 Qf3 26. Rh2 Be5 27. Rhg2
Bg3 28. Nc3 Bxf2 29. Qd1 Bxg1+ 30. Qxf3 exf3 31. Rxg1 Rf7 32. Ne4 b6 33. Ng5
Rfd7 34. Nxf3 c5 35. Ke2 a5 36. Kd1 Rf7 37. Rg3 Rdf8 38. Ng5 Rf1+ 39. Kc2 Nb4+
40. Bxb4 axb4 41. Ne6 R8f7 42. Rg5 Re7 43. Nf4 Rf2 44. Nd5 Ra7 45. Nxb6 Rxa2+
46. Kd3 Rfxd2+ 47. Ke4 Rab2 48. Rxc5 Rxb3 49. h5 Rd8 50. Re5 Rc3 51. Rb5 b3 52.
Rb4 Rb8 53. Kd4 Rc1 54. Rxb3 Rd1+ 55. Kc5 Rh1 56. Kc6 Rxh5 57. c5 Re5 58. Rd3
g5 59. Nd7 Rc8+ 60. Kd6 (60. Kb7) 60... Rf5 61. e4 Rf1 62. e5 Kg7 63. e6 Re1
64. e7 Re8 65. Ne5 Rxe5 66. Kxe5 Rxe7+ 67. Kd6 Kf7 ({I thought Black WINS after
} 67... Ra7 68. c6 Kg6 69. c7 Rxc7 70. Kxc7 h5 71. Kd6 Kf5 72. Rh3 h4 73. Kd5
Kg4 74. Rh1 h3 (74... Kg3 75. Rg1+ Kf4 76. Rh1) (74... Kh5 {
allows the White King in} 75. Ke4 g4) 75. Ke4 Kg3 {At home, however, find} 76.
Kf5 (76. Rg1+ Kh4 77. Kf3 h2 78. Rh1 (78. Rg4+ Kh5) 78... Kh3) 76... g4 77.
Rg1+ Kf2 78. Kxg4 (78. Rxg4 $144 h2 79. Rh4) 78... h2 79. Rh1 Kg2 $11) 68. Rf3+
Ke8 69. c6 Re2 70. Rh3 Rd2+ 71. Kc7 Ra2 72. Kc8 g4 73. Rxh7 g3 74. Rg7 g2 75.
c7 Kf8 (75... Rb2 {and the White King is trapped behind its passer.  The only
way to break that is to have Rook check from e1 (only way to stop Black's
passer... but then the White King has no shelter.} 76. Rg8+ Ke7) 76. Rg3
1/2-1/2

[Event "UOP-DRW po"]
[Site "?"]
[Date "2010.05.08"]
[Round "3.3"]
[White "Lechnick, Jay"]
[Black "Gorodetskiy, Eugene"]
[Result "1/2-1/2"]
[WhiteElo "1722"]
[BlackElo "1849"]
[Annotator "Friske,Tom"]
[PlyCount "137"]

1. e4 e5 2. Nf3 Nc6 3. Bb5 d6 4. O-O Nf6 5. Re1 Be7 6. c3 O-O 7. h3 a6 8. Ba4
b5 9. Bc2 Bb7 10. d4 Re8 11. Nbd2 h6 12. a3 Nh7 13. Nf1 Ng5 14. Nxg5 Bxg5 15.
b4 Qf6 16. d5 Nb8 17. Bxg5 Qxg5 18. Re3 Nd7 19. Qd3 Nb6 20. Nd2 Bc8 21. Rae1
Bd7 22. Rg3 Qe7 23. Qe3 Kh7 24. Rf1 a5 25. f4 Rg8 26. fxe5 dxe5 27. Rgf3 f6 28.
Bb3 Rgf8 29. Ba2 Nc8 30. Rg3 Nd6 31. Rgf3 Be8 32. Bb1 Qd7 33. g4 axb4 34. cxb4
Kg8 35. Rg3 g5 36. Rgf3 Kg7 37. Qf2 Qd8 38. Qc5 Rf7 39. Qf2 Bd7 40. Bc2 Rf8 41.
Rg3 Qe7 42. Bd1 c6 43. dxc6 Bxc6 44. Re3 Qe6 45. Bb3 Qe8 46. Ba2 Qg6 47. Rfe1
h5 48. Be6 hxg4 49. Bxg4 Rfd8 50. Qe2 Qf7 51. Rc3 Be8 52. Rec1 Ra7 53. R1c2 Qe7
54. Qe3 Bf7 55. Kh2 Rb7 56. Qf3 Be6 57. Bxe6 Qxe6 58. Nb3 Rf7 59. Nc5 Qe8 60.
Qg4 Kg6 61. Kg2 Nc4 62. Qf5+ Kh6 63. Qf3 ({Even while watching, seemed Wh has
the Black King in trouble. Had he prepared his King behind the closed e- or f-
files, the openings would allow all the pieces to go King-ward.} 63. h4 {
Even now, though, not seeing the downside.} Qg8 (63... Rg7 64. Qxf6+) (63...
gxh4 64. Rh3 Rg7+ (64... Qg8+ 65. Kh2) 65. Kh2 Rg6 (65... Qh5 66. Qxf6+ Rg6 67.
Qxd8) (65... Rd2+ $4 {just to get the Rook away from a fork from e6} 66. Rxd2
Nxd2 67. Rxh4+ Qh5 68. Rxh5#) 66. Rxh4+ Kg7 67. Ne6+ Kg8 68. Nxd8 {
and the Black pieces are completely overloaded}) ({
Black can't force the Rook away from forks on e6} 63... Rd2+ $4 64. Rxd2 Nxd2
65. hxg5+ Kg7 66. Ne6+ Kg8 67. Qg6+ Kh8 68. Rh3+ Rh7 69. Rxh7#) ({
Rybka: +.80 for White} 63... g4) ({Rybka: +.66 for White:} 63... Rd6) 64. Rg3 {
with Ne6 or Rooks up the h-file} Rd2+ $4 65. Rxd2 Nxd2 66. hxg5+ fxg5 (66...
Kg7 67. gxf6+ Kf8 68. Rxg8+) 67. Rh3+ Kg7 68. Ne6#) 63... Rd6 64. Rf2 Qd8 65.
Rcc2 Qb6 66. Qb3 Rd4 67. Rfe2 Ra7 68. Ra2 Qd6 69. Qf3 {and neither side was
recording moves.   Wh had 3 minutes, Bl 4 for sudden death.  I was there, but
didn't notice for several moves !      Black broke through using the a-file
and got Queen and Rook along the 1st rank, chasing White King out.  But in the
meantime, White had a Rook on the 7th and his other along the 8th !!  for
perpetual check....  I even tried to record the position in Forsythe notation,
but the players went into blitz mode!   In case the players can re-construct a
few more moves---The final moves (I recorded were) ...Qh1+  2. Kg4 Qg1+ 3. Kf3
Qh1+ 4. Kg4 Rg1+  5. Kf5 Nd6+  6. Ke6 Nxe4  7. Nxe4 Rb7 8. Qf3 Qxf3  9 Rxf3
Rb5  10. Rxf6+ Kh5  11. Rf8 Rb4  12. Nf6+ Kg6  13. Rg8+ Kg6  14 Ra7 Rb6+  15
Kf5 Rf1+  16 Kg4 R6f6  17 Rh8+ Kg6  18 Rg8+ Kh6   1/2.} 1/2-1/2

[Event "DRW-UOP po"]
[Site "?"]
[Date "2010.05.08"]
[Round "3.4"]
[White "Gugenheim, Oliver"]
[Black "Easton, Richard"]
[Result "1-0"]
[WhiteElo "1532"]
[BlackElo "1832"]
[Annotator "Friske,Tom"]
[PlyCount "84"]

1. e4 c6 2. d4 d5 3. Nc3 dxe4 4. Nxe4 Bf5 5. Ng3 Bg6 6. Nf3 Nf6 7. Bd3 e6 8.
Bf4 Nbd7 9. Qe2 Bxd3 10. Qxd3 Nd5 11. Bd2 Be7 12. O-O O-O 13. a3 c5 14. c4 N5b6
15. Bc3 cxd4 16. Bxd4 Rc8 17. b3 Bf6 18. Bxf6 Qxf6 19. Ne4 Qh6 20. Nd6 Nc5 21.
Qc2 Rc7 22. b4 Ncd7 23. Rfd1 a6 24. Qe4 Nf6 25. Qe2 Nc8 26. c5 Nd5 27. Nxc8
Rfxc8 28. Rd3 Nf4 29. Qd1 Nxd3 30. Qxd3 Qf6 31. Rd1 Qe7 32. h3 e5 33. Qe4 f6
34. Rd6 Rc6 35. Rd2 Qf7 36. Qc2 b6 37. Qd1 bxc5 38. Rd8+ Qf8 (38... Rxd8 39.
Qxd8+ Qf8 40. Qd5+ Kh8 41. Qxc6 cxb4 42. axb4 h5 (42... Qxb4 $4 43. Qe8+) 43.
Qb6) 39. Rxf8+ Kxf8 40. bxc5 Ke7 41. Qd3 g6 42. Qb3 Kd7 1-0

[Event "UOP-DRW po"]
[Site "?"]
[Date "2010.05.08"]
[Round "3.5"]
[White "Nguyen, M."]
[Black "Redmond, Mark"]
[Result "1-0"]
[WhiteElo "1713"]
[BlackElo "1590"]
[PlyCount "51"]

1. e4 e5 2. Nf3 Nc6 3. Bb5 d6 4. d4 exd4 5. Nxd4 Bd7 6. O-O Ne5 7. Bxd7+ Nxd7
8. Nc3 g6 9. f4 Bg7 10. e5 dxe5 11. Re1 Ne7 12. fxe5 Nxe5 13. Bf4 Qxd4+ 14.
Qxd4 Nf3+ 15. gxf3 Bxd4+ 16. Kf1 c6 17. Rad1 Rd8 18. Rxd4 Rxd4 19. Be5 Rd7 20.
Bxh8 Kf8 21. Bf6 Nf5 22. Ne4 a6 23. Ng5 h5 24. Nh7+ Kg8 25. Re8+ Kxh7 26. Rh8#
1-0